| 000 | 00416nam a22001337a 4500 | ||
|---|---|---|---|
| 082 |
_a624.28 _bBRI _cL-39, P-196 |
||
| 100 |
_aA. C. I. _940962 |
||
| 245 |
_aBridge Repair and Rehabilitation _bBridge Repair and Rehabilitation ACI Compilation 29 _cA. C. I. |
||
| 260 |
_aAmerica _bAmerica Concrete Institute |
||
| 300 | _a72 P, : | ||
| 526 |
_a0 _b0 _c0 _d624_280000000000000_BRI |
||
| 650 |
_aMCE _9379 |
||
| 942 |
_2ddc _cBK |
||
| 999 |
_c550049 _d550049 |
||